Motorová vozidla II.

Bibliographic Details
Main Author: Apetauer, Milan (Author)
Format: Book
Language:Undetermined
Published: Praha ČVUT 1975

MARC

LEADER 00000nam a2200000 a 4500
001 vtls001395580
003 SK-MaSNL
005 20260301011842.0
008 240316s1975 xx 0 und
035 |a SNK000349940 
040 |a SNK  |b slo  |c SNK  |e AACR2 
100 1 |a Apetauer, Milan  |4 aut  |9 295913 
245 1 |a Motorová vozidla II. 
260 |a Praha  |b ČVUT  |c 1975 
300 |a 177 s. 
958 |a OND 
999 |c 552021  |d 553951 
952 |t P60, <04>, [BOOK], {604}  |a SNK  |b SNK  |y VYP  |7 0  |p 17A0250256  |o snkIB 31938/2  |0 0  |1 0  |4 0  |d 2000-09-07  |l 0  |r 2005-01-02 00:00:00  |w 2026-02-23